Normal view
MARC view
- ANU VARUGHESE (Guide)
Entry Personal Name
001 - CONTROL NUMBER
- control field: 5317
003 - CONTROL NUMBER IDENTIFIER
- control field: OSt
005 - DATE AND TIME OF LATEST TRANSACTION
- control field: 20221130151901.0
008 - FIXED-LENGTH DATA ELEMENTS
- fixed length control field: 221130|| aca||aabn | a|a d
040 ## - CATALOGING SOURCE
- Original cataloging agency: OSt
- Transcribing agency: OSt
100 ## - HEADING--PERSONAL NAME
- Personal name: ANU VARUGHESE (Guide)
670 ## - SOURCE DATA FOUND
- Source citation: Work cat.: (OSt)17588: HASNA AMEENA P.O 4215, Assessment of saline water intrusion from Ponnani to Tavanur along the course of river Bharathapuzha, 2022
